Glossary of contemporary literary terms (Record no. 10643)

MARC details
000 -LEADER
fixed length control field 00526cam a2200205ua 4500
001 - CONTROL NUMBER
control field 11862
005 - DATE AND TIME OF LATEST TRANSACTION
control field 20260515114817.0
008 - FIXED-LENGTH DATA ELEMENTS--GENERAL INFORMATION
fixed length control field 191114n ii |||gr||||Z||||||eng
020 ## - INTERNATIONAL STANDARD BOOK NUMBER
International Standard Book Number 9789384471323
040 ## - CATALOGING SOURCE
Transcribing agency MAIN
041 ## - LANGUAGE CODE
Language code of text/sound track or separate title eng
082 ## - DEWEY DECIMAL CLASSIFICATION NUMBER
Classification number 808.103
100 ## - MAIN ENTRY--PERSONAL NAME
Personal name Arjun Kumar,
Relator term Author.
245 ## - TITLE STATEMENT
Title Glossary of contemporary literary terms
Statement of responsibility, etc. By Arjun Kumar
250 ## - EDITION STATEMENT
Edition statement 1st ed.
260 ## - PUBLICATION, DISTRIBUTION, ETC.
Place of publication, distribution, etc. New Delhi:
Name of publisher, distributor, etc. Supriya books,
Date of publication, distribution, etc. 2017.
300 ## - PHYSICAL DESCRIPTION
Extent 168p.
653 ## - INDEX TERM--UNCONTROLLED
Uncontrolled term Rhetoric & collections of literature
942 ## - ADDED ENTRY ELEMENTS (KOHA)
Koha item type Books
Holdings
Withdrawn status Lost status Damaged status Not for loan Home library Current library Shelving location Date acquired Total checkouts Full call number Barcode Date last seen Copy number Price effective from Koha item type
        Naharkatiya College Library Naharkatiya College Library General stacks 09/19/2020   808.103 | KUM 27713 09/19/2020 1 09/19/2020 Books